000 00656nam a2200205Ia 4500
003 GCL
008 140319s9999 xx 000 0 ara d
040 _aGCL /
_cGCL
082 0 4 _a894.511
_bم م
100 1 _aمحمد فتحى
245 1 0 _aمسرحية فى القصر ملهاة فى ثلاثة فصول /
_cمحمد فتحى
700 1 _aمولنار, فيرنيك
700 1 _aعبدالحليم البشلاوى
260 _a[S.N] :
_bمكتبة مصر
300 _a133 ص
490 _aمكتبة الفنون الدرامية
_v0
650 0 4 _aالادب المجرى
650 0 4 _aالمسرحيات المجرية
942 _2ddc
_cBK
999 _c34733
_d34733